000 00284nam a2200109Ia 4500
100 _aMaitreya Ghatak
245 0 _aDust on the Road Mahasweta Devi
264 _bSeagull Books
_a Calcutta
_c1997
300 _a292
942 _cIR
999 _c120666
_d120666